| 000 | 00589nam a22002297a 4500 | ||
|---|---|---|---|
| 999 |
_c7755 _d7755 |
||
| 001 | 7755 | ||
| 003 | BD-JhCC | ||
| 005 | 20180213165754.0 | ||
| 008 | 180213s1961 -uk |||| |||| 00| 0 eng d | ||
| 035 | _a(BD-JhCC)7755 | ||
| 040 |
_aBD-JhCC _dBD-JhCC |
||
| 041 | _aeng | ||
| 082 |
_a025.3 _bJOL 1961 |
||
| 100 | _aJolley, L. | ||
| 245 |
_aThe Principles of Cataloguing / _cL. Jolley |
||
| 260 |
_aGrate Britain : _bCrosby Lockwood & Sons LTD, _c1961. |
||
| 300 |
_a149 p. : _c21 cm. |
||
| 504 | _aIncludes Index | ||
| 650 | _aCataloguing | ||
| 650 | _aLibrary Science | ||
| 942 |
_2ddc _cBK |
||